000 00878pam a2200265 a 4500
001 015823618
003 Uk
005 20130207150752.0
008 110617s2012 enka 001 0 eng d
020 _a0273759760 (pbk.)
020 _a9780273759768 (pbk.)
082 0 4 _a005.2762
_222
_bDEI
100 1 _aDeitel, Paul J.
_932523
245 1 0 _aJava :
_bHow to Program /
_cPaul Deitel, Harvey Deitel ; International edition contributions by Soumen Mukherjee ; Arup Kumar Bhattacharjee.
250 _a9th ed., International ed.
260 _aHarlow :
_bPrentice Education,
_cc2012.
300 _a1532 p. :
_bill. ;
_c24 cm.
490 1 _aHow to program series
500 _aIncludes index.
500 _aFormerly CIP.
_5Uk
650 0 _aJava (Computer program language)
_932524
653 _bCS
_cFebruary2013
700 1 _aDeitel, Harvey M.,
_d1945-
_932525
942 _2ddc
_cBB
999 _c17269
_d17241